00178 a2200085 45000010005000000820014000051000015000192450041000342600017000759057 a808.1 AUD aAuden, W H aOxford book of light verse.hEnglish bOxforda1952